000 01537cam a22004574i 4500
003 PE-LiUPU
005 20250731173403.0
008 150706s2010 sp r 000 0 spa d
020 _a9788482674827
035 _a(Sirsi) i9788482674827
040 _aPE-LiUPU
_bspa
_cPE-LiUPU
_erda
049 _aPRUA
082 0 4 _a230.03
_bG71
_221
100 1 _aGonzález, Justo L.,
_eautor.
245 1 0 _aDiccionario manual teológico /
_cJusto L. González.
264 1 _aBarcelona :
_bCLIE,
_c2010.
300 _aBarcelona ;
_c21 centímetros
336 _atext
_2rdacontent
337 _aunmediated
_2rdamedia
338 _avolume
_2rdacarrier
505 0 _aDiccionario Manual Teológico de A-W.
526 _aSEG42
526 _aSEG41
526 _aSEG40
526 _aSEG39
526 _aP94
526 _aP87
526 _aP86
526 _aP85
526 _aP77
526 _aP76
526 _aP35
541 _g001-0000515;
650 0 4 _aTeología bíblica
_vDiccionarios.
910 _bjv
_clch
_d20110714
942 _2ddc
_cBOOK
949 _a230.03 G71
_wDEWEY
_c1
_i63099
_lCCODEBUL1
_mBUL
_p21.00
_r0
_sY
_tBOOK
_u2015-7-6
_xTEOLOGIA
_PP35
_o.STAFF. Colección Teología
994 _aC0
_bPEPRU
596 _a1
999 _a230.03 G71
_wDEWEY
_c52114
_i63099
_d52114
_e2015-10-16
_f2021-11-9
_g6
_lCCODEBUL1
_mBUL
_n1
_p21.00
_q2
_r0
_sY
_tBOOK
_u2015-7-6
_xTEOLOGIA
_PP35
_0COMPRA
_o.STAFF. Colección Teología
980 _81
_gALBERTO SANCHEZ Responsable de Automatización